Multivariate data analysis
Na minha lista:
| Formato: | Livro |
|---|---|
| Idioma: | inglês |
| Publicado em: |
Upper Saddle River
Pearson Prentice Hall
2006
|
| Edição: | 6th ed. |
| Assuntos: | |
| Tags: |
Sem tags, seja o primeiro a adicionar uma tag!
|
MARC
| LEADER | 00000nam$a2200000$$$4500 | ||
|---|---|---|---|
| 001 | 0068304 | ||
| 005 | 20240306135849.2 | ||
| 020 | |a 0-13-032929-0 | ||
| 041 | 0 | |a eng | |
| 044 | |a US | ||
| 245 | 1 | 0 | |a Multivariate data analysis |
| 250 | |a 6th ed. | ||
| 264 | 1 | |a Upper Saddle River |b Pearson Prentice Hall |c 2006 | |
| 300 | |a xxiv, 899 s. | ||
| 610 | 2 | 0 | |a analýza štatistická viacrozmerná |
| 610 | 2 | 0 | |a analýzy |
| 610 | 2 | 0 | |a analýza faktorová |
| 610 | 2 | 0 | |a modely štruktúrne |